Statistics for V16 Climbers

Click here to take the quiz!

General Stats

  • This quiz has been taken 17 times
  • The average score is 6 of 34

Answer Stats

Answer% Correct
Adam Ondra
73%
Daniel Woods
60%
Jimmy Webb
53%
Shawn Raboutou
53%
Nalle Hukkataival
40%
Drew Ruana
33%
Nathaniel Coleman
33%
Giuliano Cameroni
27%
Nico Pelorson
27%
Ryuichi Murai
27%
Charles Albert
20%
Sean Bailey
20%
Simon Lorenzi
20%
Zach Galla
20%
Camille Coudert
13%
Dave Graham
13%
Elias Iagnemma
13%
Matt Fultz
13%
Yannick Flohé
13%
Dai Koyamada
7%
Dylan Barks
7%
Griffin Whiteside
7%
Nathan Williams
7%
Pirmin Bertle
7%
Taylor McNeill
7%
Andy Lamb
0%
Carlo Traversi
0%
Daisuke Ichimiya
0%
Kazuma Ise
0%
Niccolò Ceria
0%
Pablo Hammack
0%
Rustam Gelmanov
0%
Ryohei Kameyama
0%
Sergei Topishko
0%

Score Distribution

Percentile by Number Answered

Percent of People with Each Score

Your Score History

You have not taken this quiz